ბათუმის შოთა რუსთაველის სახელმწიფო უნივერსიტეტის ბიბლიოთეკა

საშენი მასალები : (ბიბ.ჩანაწერი № 53032)

000 -ლიდერი
ფიქსირებული სიგრძის საკონტროლო ველი 01086nam a2200241Ia 4500
001 - საკონტროლო ნომერი
საკონტროლო ველი 20068
003 - საკონტროლო ნომრის იდენტიფიკატორი
საკონტროლო ველი GE_BSU
005 - ბოლო ოპერაციის თარიღი და დრო
საკონტროლო ველი 20250417110530.0
008 - ფიქსირებული სიგრძის მონაცემთა ელემენტები - ზოგადი ინფორმაცია
ფიქსირებული სიგრძის საკონტროლო ველი 181216s1988||||ge |||||||||||||| ||geo||
040 ## - კატალოგიზაციის წყარო
Transcribing agency GE_BSU
041 ## - ენის კოდი
Language code of text/sound track or separate title geo
080 ## - უნივერსალური ათობითი კლასიფიკაციის ინდექსი
Universal Decimal Classification number 691(075.8) ბ-97
100 ## - მთავარი ჩანაწერი - პიროვნების სახელი
Personal name ბურჭულაძე, შ. (შალვა)
9 (RLIN) 24854
245 ## - ცნობა სათაურის შესახებ
Title საშენი მასალები :
Remainder of title [სახელმძღვ. პოლიტექნ. ინ-ტის სამშ. ფაკ-ტის სტუდ.] /
Statement of responsibility, etc შალვა ბურჭულაძე ; რედ. ვ. გოგსაძე.
264 ## - წარმოების, გამოცემის, დისტრიბუციის და სხვა ცნობები
გამოცემის, წარმოების, დისტრიბუციის... ადგილი თბილისი :
გამოცემის, წარმოების, დისტრიბუციის... სახელწოდება განათლება,
გამოცემის, წარმოების, დისტრიბუციის... თარიღი 1988.
300 ## - ფიზიკური აღწერა
Extent 287 გვ. :
Other physical details ილ. ;
Dimensions 21 სმ.
504 ## - BIBLIOGRAPHY, ETC. NOTE
Bibliography, etc ბიბლიოგრ. : გვ. 284
653 ## - INDEX TERM--UNCONTROLLED
Uncontrolled term სამშენებლო მასალები და ნაკეთობანი
653 ## - INDEX TERM--UNCONTROLLED
Uncontrolled term საშენი მასალები
700 ## - ADDED ENTRY--PERSONAL NAME
Personal name გოგსაძე, ვ.
Relator term რედაქტორი
9 (RLIN) 24855
942 ## - ADDED ENTRY ELEMENTS (KOHA)
Koha item type წიგნი
Source of classification or shelving scheme
ეგზემპლარები
ჩამოწერის სტატუსი დაკარგული ეგზემპლარის სტატუსი კლასიფიკაციის წყარო ან თაროზე გაწყობის სქემა დაზიანების სტატუსი არ გაიცემა მუდმივი მდებარეობა (დაცვის ადგილი) ამჟამინდელი ადგილსამყოფელი თაროზე განთავსების ადგილი შეძენის თარიღი ღირებულება, შესყიდვის ნორმალური ფასი სრული შენახვის შიფრი შტრიხკოდი ბოლო ოპერაციის თარიღი ეგზემპლარის მიმდევრობითი ნომერი (კეტერი?) ფასის ძალაში შესვლის თარიღი ეგზემპლარის სახეობა საჯარო შენიშვნა
          ბათუმის შოთა რუსთაველის სახელმწიფო უნივერსიტეტის მთავარი ბიბლიოთეკა ბათუმის შოთა რუსთაველის სახელმწიფო უნივერსიტეტის მთავარი ბიბლიოთეკა წიგნსაცავი 2018-12-17 19.00 691(075.8) ბ-97 27870 2018-12-17 27870 2018-12-17 წიგნი 19.00 ₾.